000 00779nam a2200265Ia 4500
003 OSt
005 20220912151223.0
006 a|||||r|||| 00| 0
007 ta
008 220909b |||||||| |||| 00| 0 eng d
024 _a23325
037 _cTextual
040 _aCSL
_beng
_cCSL
041 _aeng
082 _aB392L8p1,N81, M2
100 _aHackusch W Ed.
111 _aConference on multigrid methods (1981 : Cologne-Porz)
245 0 _aProceeding on Multigrid methods
260 _aBerlin
_bSpringer-Verlag
_c1982
300 _avii, 652p.
_ccm.
490 _aLecture notes in mathematics; 960
700 _a Trottenberg U Ed.
942 _hB392L8p1,N81, M2
_cTEXL
_2CC
999 _c63911
_d63911